000 00712nam a2200265Ia 4500
003 OSt
005 20221005084028.0
006 a|||||r|||| 00| 0
007 ta
008 221004b |||||||| |||| 00| 0 eng d
020 _a0896033589
024 _a14718
037 _cTextual
040 _aCRL
_cCRL
_beng
041 _2eng
_aeng
082 _aE92Z20aD6,8(B), N7
100 _aSwindell Simon R.
_9612981
245 0 _aSequence data analysis guidebook
260 _aNew Jersey
_bHumana Press Inc. USA
_c1997
300 _a324
_ccm.
650 _a CHEMISTRY
650 _aBIOCHEMISTRY
942 _hE92Z20aD6,8(B), N7
_cTEXL
_2cc
999 _c991917
_d991917